000 01941nam a2200409 c 4500
003 BLK
005 20231031105824.0
008 180408b bul|||||r ||||||| ||bul||
010 _aKNG00092975000
020 _a978-954-792-334-8
_bиздат.: СКОРПИО ви
040 _aBLK
041 _aBUL
_cBUL
080 _aЖената и политиката. Женско движение - Женски организации. Международен ден на жената. Участие на жените в обществено-политическия живот
_b396.9
_x(470)(092)(0:82-94)
_z396.9(470)(092)(0:82-94)
080 _aРуска литература
_b821.161.1
_x-94
_z821.161.1-94
080 _aБиографии
_b929
_x(47+57)
_z929(47+57)
100 1 _aМамин, Владимир
_eпърви автор
_9303106
700 1 _aНакова, Цветанка
_eпрев. от рус.
_9371074
139 _aМамин, Владимир
_bМ 24
245 1 0 _aКремълските принцеси
_bДрамата на живота - любов и власт
_cВладимир Мамин; прев. от рус. Цветанка Накова.
257 _aRUS
260 София
_bСКОРПИО ви
_c2009
300 _a160 с.
_bсъс сн.
_c20 см
380 _a3
490 1 _aЛабиринти на истината
500 _aОриг. загл. Кремлевские "принцессы" : Драма жизни : любовь и власть / В. Мамин.
650 0 _aЖени, прочути - биографии
_9303107
651 4 _aСССР
_9179592
651 4 _aРусия
_9179465
653 _aвътрешна политика
653 _aистория
852 _aЦб 246219
856 4 _qpdf
_u
856 4 _qpdf
_u
942 _cKNG
_n0
_01
944 _aCR
_c10.12.2009
_lНора Радева
_k30545
944 _aED
_c07.06.2011
_lф /
_k
999 _c88313
_d88313